1126 1660 1840 1069 1483 1449 1388 1903 1770 1896 1466 1184 1379 1660 1302 1603 1763 1961 1434 1612 1341 1456 1084 1294 1909 1995 1011 1326 1050 1780 1424 1782 1646 1790 1773 1997 1462 1843 1812 1401 1327 1093 1574 1729 1406 1977 1892 1017 1500 1618 1208 1387 1066 1216 1367 1597 1011 1032 1111 1210 1270 1348 1945 1700 1171 1718 1933 1049 1334 1877 1883 1396 1164 1479 1189 1793 1876 1621 1506 1265 1639 1056 1087 1569 1371 1123 1919 1147 1948 1358 1316 1596 1292 1012 1537 1474 1260 1746 1637 BCNSPRNW ULIB Ver.6.0+V

เปลี่ยนเป็นภาษาไทย

Change to English
 แสดงรายละเอียดบรรณานุกรม
  กลับหน้าหลัก

Brief Record : Get Marc (ISO 2709) : E-mail record : QR code < ปิดหน้าต่าง
LEADER : 00000nam 2200000uu 4500
001    13399122335
003     ULIB
008    130214s2548||||th 000 0 tha d
099    ^aวจ.WY18^bท317ก
100 0  ^aองสุข คำธนะ และคณะ
245 00 ^aการพัฒนารูปแบบการจัดการเรียนรู้แบบบูรณาการในรายวิชาการพยาบาลบุคคลที่มีปัญหาสุขภาพ 1ของวิทยาลัยพยาบาลบรมราชชนนี ราชบุรี/^cทองสุข คำธนะ และคณะ
260    ^aราชบุรี :^bวิทยาลัยพยาบาลบรมราชชนนี ราชบุรี,^c2548
650  0 ^aการจัดการเรียนการสอน^xวิจัย
945    ^p0^l0^i033578
995    ^aเกษร
999    ^aเกษร โพธิ์สุวรรณ
รายการนี้ยังไม่มีแท็ก
คุณยังไม่ได้ล็อกอิน คุณสามารถมีกิจกรรมร่วมกับเว็บไซต์ได้ แต่ต้องล็อกอินก่อน ::
  ล็อกอิน

รายการสื่อสารสนเทศ

ลำดับที่ ประเภท เลขเรียก/บาร์โค้ด สถานที่ สถานะ
1. งานวิจัย
งานวิจัย
วจ.WY18 ท317ก  
  Barcode: 033578
ห้องสมุดวิทยาเขตนครสวรรค์
►วิจัย:l:Research Room
บนชั้น

BibComment


ยังไม่เคยถูกคอมเมนท์

คอมเมนท์ทรัพยากรรายการนี้
  คอมเมนท์: การพัฒนารูปแบบกา..


 Copyright 2026. Bcnsprnw @Library